00391nam a2200109Ia 4500082001700000245003300017100006800050942000700118008004100125999001900166952009600185 a808.066 ANDE 0aAssignment & thesis writing  a ANDERSON, Jonathan Cape Town, 2009 South African ed 97245 cBK210817s9999 xx 000 0 und d c222987d222986 00104070aTHISLbTHISLd2021-08-18g350.00l0p33228022562977r2021-08-18w2021-08-18yBK